000 01089cam a22001934a 4500
005 20250827111142.0
008 250528s ||||||||||||||||||||||||d
035 _a19814
020 _a9602550678
040 _aGR-AtMCL
_bgre
_dGR-AtMCL
_eAACR2
245 1 _aΓραμμική Αλγεβρα και Εφαρμογές / Γραμμική Αλγεβρα: Τεύχος Α'
260 _bΟικονομικό,
_c1996
300 _a288
520 _aΔιανύσματα στο Επίπεδο, Διανύσματα στο Χώρο, Ευθείες - Επίπεδα, Γραμμικές Εξισώσεις - Αλγόριθμος Gauss, Διανυσματικοί Χώροι, Πίνακες, Ορίζουσες - Αντίστροφος, Αλλαγή Βάσης - Ορθογώνοι Πίνακες, Τετραγωνικές Μορφές - Συμμετρικοί Πίνακες, Γραμμικές Απεικονίσεις, Ιδιότιμες, Δυνάμεις και Νόρμες.
700 1 _aΦλυτζάνης, Ηλίας Γ.
_95990
942 _cBK
999 _c5061
_d5061